000 00668nam a2200217 a 4500
005 20240912063831.0
008 090302s2004 mx r 000 0 spa d
020 _a9871151446
035 _aUPN01000169693
049 _aI
050 4 _aPZ76.3
_bS2.8
100 1 _aSánchez, Claudia
245 1 3 _aUn mar para Crispín /
_cClaudia Sánchez ; il. Guillermo Casas.
260 _aCórdoba, Arg. :
_bComunicarte,
_c2004.
300 _a[24] p. :
_bprincipalmente il. col.
440 0 _aVaquita de San Antonio
650 0 _aAnimales
_vCuentos y leyendas
_9234
650 4 _aCuentos infantiles argentinos
_97466
700 1 _aCasas, Guillermo,
_eil.
905 _aInfantil
999 _c141799
_d141799